John Irving Bibliography - Statistics

General Stats
  • This quiz has been taken 36 times
  • The average score is 7 of 31
Answer Stats
Type Year Name % Correct
Novel 1978 The World According to Garp
96%
Novel 1985 The Cider House Rules
83%
Screenplay 1999 The Cider House Rules: A Screenplay
83%
Novel 1981 The Hotel New Hampshire
79%
Novel 1989 A Prayer for Owen Meany
75%
Novel 1972 The Water-Method Man
42%
Novel 1968 Setting Free the Bears
33%
Novel 1994 A Son of the Circus
29%
Novel 1998 A Widow for One Year
29%
Novel 2009 Last Night in Twisted River
25%
Novel 2001 The Fourth Hand
25%
Novel 1974 The 158-Pound Marriage
21%
Novel 2005 Until I Find You
21%
Short Story Collection 1996 Trying to Save Piggy Sneed
17%
Short Story 1996 Trying to Save Piggy Sneed
17%
Novel 2015 Avenue of Mysteries
13%
Short Story 1996 The Pension Grillparzer
13%
Novel 2012 In One Person
8%
Children's Book 2004 A Sound Like Someone Trying Not to Make a Sound
4%
Memoir 1999 My Movie Business
4%
Memoir 1995 The Imaginary Girlfriend
4%
Short Story 1996 Almost in Iowa
0%
Short Story 1996 An Introduction to a Christmas Carol
0%
Short Story 1996 Brennbar's Rant
0%
Novel 2022 Darkness as a Bride
0%
Short Story 1996 Gunter Grass: King of the Toy Merchants
0%
Short Story 1996 Interior Space
0%
Short Story 1996 My Dinner at the Whitehouse
0%
Short Story 1996 Other People's Dream
0%
Short Story 1996 The King of the Novel
0%
Short Story 1996 Weary Kingdom
0%
No matching quizzes found
Score Distribution
Percent of People with Each Score
Percentile by Number Answered
Your Score History
You have not taken this quiz